Online Catalogue and eLibrary

A Diary of a young girl : (Record no. 4514)

MARC details
000 -LEADER
fixed length control field 00430nam a2200157Ia 4500
005 - DATE AND TIME OF LATEST TRANSACTION
control field 20250703024837.0
008 - FIXED-LENGTH DATA ELEMENTS--GENERAL INFORMATION
fixed length control field 240331s9999 xx 000 0 und d
020 ## - INTERNATIONAL STANDARD BOOK NUMBER
ISBN 95580333332
082 ## - DDC Classification
Item Number - Author Mark FRA
Class No. 823
100 ## - MAIN ENTRY--PERSONAL NAME
Personal name Frank,A
245 #2 - TITLE STATEMENT
Title A Diary of a young girl :
Remainder of title Yawwaniyakage dinapotha
260 ## - PUBLICATION, DISTRIBUTION, ETC.
Place of publication, distribution, etc. Dehiwala
Name of publisher, distributor, etc. Vidarshana Publishers
Date of publication, distribution, etc. 2000
300 ## - PHYSICAL DESCRIPTION
Extent (e.g. Volumes, Pages etc.) 381 p .,
500 ## - GENERAL NOTE
General note translation of A Diary of young girl
942 ## - Koha item type (Biblio)
Koha item type Books in Stacks (Lending)
Holdings
Lost status Damaged status Collection code Home library Current library Shelving location Date acquired Full call number Accession Number Item type
    Lending WERC Library WERC Library Social Science Cupboard 03/31/2024 823 FRA 4355 Books in Stacks (Lending)

© WERC Library